000
00443nam a2200145Ia 4500
008
100122s9999 xx 000 0 und d
082
_b
3743
_a
823
100
_a
जोशी य गो
245
_a
श्रीकान्त
260
_b
महाराष्ट्र प्रकाशन संस्था
_c
1937
300
_a
111
630
_a
श्रीकान्त
730
_a
श्रीकान्त
942
_c
BOOK
999
_c
397642
_d
397639